Evidence-based practice manual : (Record no. 569)

MARC details
000 -LEADER
fixed length control field 00906cam a22002894a 4500
005 - DATE AND TIME OF LATEST TRANSACTION
control field 20260322212025.0
008 - FIXED-LENGTH DATA ELEMENTS--GENERAL INFORMATION
fixed length control field data
010 ## - LIBRARY OF CONGRESS CONTROL NUMBER
LC control number 2003066653
020 ## - INTERNATIONAL STANDARD BOOK NUMBER
International Standard Book Number 0195165004 (alk. paper)
020 ## - INTERNATIONAL STANDARD BOOK NUMBER
International Standard Book Number 9780195165005 (alk. paper)
040 ## - CATALOGING SOURCE
Original cataloging agency DLC
Transcribing agency DLC
Modifying agency YDX
041 09 - LANGUAGE CODE
Language code of text/sound track or separate title eng
042 ## - AUTHENTICATION CODE
Authentication code nlmcopyc
-- nlmcopyc
044 ## - COUNTRY OF PUBLISHING/PRODUCING ENTITY CODE
-- England
050 00 - LIBRARY OF CONGRESS CALL NUMBER
Classification number R728
Item number .E94 2004
060 10 - NATIONAL LIBRARY OF MEDICINE CALL NUMBER
Classification number WB 39
Item number E93 2004
082 00 - DEWEY DECIMAL CLASSIFICATION NUMBER
Classification number 362.1
Edition information 22
001 - CONTROL NUMBER
control field data
245 00 - TITLE STATEMENT
Title Evidence-based practice manual :
Remainder of title research and outcome measures in health and human services /
Statement of responsibility, etc. edited by Albert R. Roberts, Kenneth R. Yeager.
260 ## - PUBLICATION, DISTRIBUTION, ETC.
Place of publication, distribution, etc. New York :
-- New York :
Name of publisher, distributor, etc. Oxford University Press,
Date of publication, distribution, etc. 2004.
300 ## - PHYSICAL DESCRIPTION
Extent xxviii, 1050 p. :
Other physical details ill. ;
Dimensions 26 cm.
504 ## - BIBLIOGRAPHY, ETC. NOTE
Bibliography, etc. note Includes bibliographical references and indexes.
650 12 - SUBJECT ADDED ENTRY--TOPICAL TERM
Topical term or geographic name entry element Evidence-Based Medicine
655 #2 - INDEX TERM--GENRE/FORM
Genre/form data or focus term Handbooks
700 1# - ADDED ENTRY--PERSONAL NAME
Personal name Roberts, Albert R.
700 1# - ADDED ENTRY--PERSONAL NAME
Personal name Yeager, Kenneth.
Holdings
Withdrawn status Lost status Damaged status Not for loan Home library Current library Shelving location Date acquired Total checkouts Full call number Barcode Date last seen Price effective from Koha item type
        Franklin Franklin General stacks 22/03/2026   362.1 22 BC0010582 22/03/2026 22/03/2026 Books